000 00474cam a2200181ua 4500
001 1963
008 110805n ii |||gr||||Z||||||asm
040 _cMAIN
082 _a370.1
100 _aBaruah, Jatin,
_eAuthor.
245 1 _aPrarambhik shikshatattva aru buranjee
_cby Jatin baruah
250 _a7th.
260 _aGuahati:
_bLawyers book stall,997.
300 _a202p:
_c23cm.
653 _aEducation
653 _aPrarambhik shikshatattva aru buranjee
942 _cBK
999 _c1838
_d1838